Nomes que começam com R - Statistics

Estatísticas Gerais
  • Esse quiz foi jogado 237 vezes
  • A pontuação média é 11 de 22
Estatísticas das Respostas
Hint Resposta % Correto
12. Ricardo
79%
11. Renato
75%
4. Rafael
74%
19. Roberto
74%
10. Renata
73%
5. Rafaela
72%
20. Roberta
69%
7. Rodrigo
67%
3. Raquel
64%
2. Rita
64%
14. Rosa
60%
21. Rogério
49%
8. Raúl
41%
1. Rui
41%
13. Rúben
35%
9. Rebeca
34%
6. Rodolfo
34%
17. Raimundo
31%
22. Romeu
19%
15. Rosália
19%
18. Ramiro
14%
16. Rosalinda
7%
Nenhum quiz correspondente encontrado
Distribuição das Pontuações
Porcentagem de Pessoas com Cada Pontuação
Percentil de Números Respondidos
Sua Pontuação Histórica
Você não jogou esse quiz